Cieľom spokojný zákazník Dôraz na kvalitu a spoľahlivosť sa HTC vypláca.

Bibliographic Details
Main Author: Smolnický, Peter (Author)
Corporate Author: HTC, Košice (firma : Slovensko) (Author)
Format: Article
Language:Slovak
Subjects:

MARC

LEADER 00000nab a2200000 a 4500
001 vtls000914314
003 SK-MaSNL
005 20260302174000.0
008 190318e19910529xo 0 slo
035 |a KE23209 
040 |a KEVKJB  |b slo  |c KEVKJB  |e AACR2 
041 0 |a slo 
044 |a xo  |c SK 
080 |a 334.7  |2 1981 
100 1 |a Smolnický, Peter  |4 aut  |9 882895 
245 1 0 |a Cieľom spokojný zákazník  |b Dôraz na kvalitu a spoľahlivosť sa HTC vypláca. 
610 2 7 |a HTC, Košice (firma : Slovensko)  |2 KEVKJB  |9 882896 
650 0 7 |a podnikanie súkromné  |2 KEVKJB  |9 375683 
650 0 7 |a sieť obchodná  |2 KEVKJB  |9 882897 
650 0 7 |a činnosť  |2 KEVKJB  |9 282874 
650 0 7 |a charakteristika  |2 KEVKJB  |9 30093 
651 7 |a KE,  |2 KEVKJB  |9 877256 
655 7 |a periodikum  |2 snkbucl  |9 29553 
710 2 |a HTC, Košice (firma : Slovensko)  |4 aut  |9 882896 
773 0 8 |t Slovenský východ  |g Roč. 1  |g Roč. 20, č.124, 29.5.1991, s. 7 
852 |a ZVYKNI  |b KIS3GCP 
999 |c 1402774  |d 1404704